| 000 | 00821nam a22002297a 4500 | ||
|---|---|---|---|
| 008 | 090129t xxu||||| |||| 00| 0 eng d | ||
| 010 | _aENG-92664 | ||
| 020 | _c150.00 | ||
| 035 | _aEN-76197 | ||
| 037 | _bDBAD / PUB | ||
| 040 |
_adpl _bEnglish |
||
| 082 | _aS | ||
| 100 | _aSastry, Rachakonda Viswanatha | ||
| 245 |
_aValues & other stories/ _cby Rachakonda Viswanatha Sastry; edited by V. Mohan Prasad |
||
| 260 |
_aKuppam _bDravidian University _c2007 |
||
| 300 |
_axviii, 253p. _c22cm (pbk) |
||
| 500 | _aIn translation from Telugu | ||
| 650 |
_aTelugu fiction _xTranslation from English. |
||
| 700 | _aPrasad, V. Mohan | ||
| 942 |
_2ddc _cEN _mSAS _hS |
||
| 999 |
_c22566 _d22566 |
||